000 00553nam a22001817a 4500
003 0
005 20230818141356.0
008 230818b xxu||||| |||| 00| 0 eng d
020 _a978-971-9655-10-7
050 _aGV 436
_b.P59 2022
245 _aPhysical activity towards health and fitness (PATH-FIT DANCE)
260 _aManila
_bMindshapers Co., Inc.
_cc2022.
300 _aviii, 174 pages :
_bill. ;
_c23cm.
500 _aPhysical fitness.
504 _aIncludes bibliographical references.
650 _aPhysical fitness.
942 _2lcc
_cBK
999 _c365180
_d365180